000 00609nam a2200229Ia 4500
003 OSt
005 20221007072340.0
006 a|||||r|||| 00| 0
007 ta
008 221006b |||||||| |||| 00| 0 eng d
024 _a19,293
037 _cTextual
040 _aFLL
_cFLL
_beng
041 _2eng
_aeng
082 _aZ:91, J51
100 _aKagan K. Kahana
_9690514
245 0 _aThree great systems of jurisprudence
260 _aLondon
_bStevens & Sons Ltd. England
_c1955
300 _a199p
_ccm.
942 _hZ:91, J51
_cTEXL
_2CC
999 _c1145816
_d1145816